| 000 | 04455nam a2200397 a 4500 | ||
|---|---|---|---|
| 001 | ebr10657806 | ||
| 003 | CaPaEBR | ||
| 006 | m u | ||
| 007 | cr cn||||||||| | ||
| 008 | 090514s2010 enka sb 001 0 eng d | ||
| 010 | _z 2009020231 | ||
| 020 | _z1848210736 | ||
| 020 | _z9781848210738 | ||
| 020 | _z9780470394236 (e-book) | ||
| 040 |
_aCaPaEBR _cCaPaEBR |
||
| 035 | _a(OCoLC)827235497 | ||
| 041 | 1 |
_aeng _hfre |
|
| 050 | 1 | 4 |
_aH61.3 _b.H8613 2010eb |
| 082 | 0 | 4 |
_a303.48/33 _222 |
| 130 | 0 |
_aHumanit�es num�eriques. _lEnglish. |
|
| 245 | 1 | 0 |
_aDigital cognitive technologies _h[electronic resource] : _bepistemology and the knowledge economy / _cedited by Bernard Reber, Claire Brossaud. |
| 260 |
_aLondon : _bISTE ; _aHoboken, N.J. : _bWiley, _c2010. |
||
| 300 |
_axxx, 408 p. : _bill. |
||
| 504 | _aIncludes bibliographical references and index. | ||
| 505 | 0 | _aPreface. The new manufacturing of SHS / Dominique BOULLIER -- Introduction / Claire BROSSAUD & Bernard REBER -- PART I. CAN ICT TELL HISTORY?: 1. Elements for a digital historiography / Andrea IACOVELLA -- 2. "In search of real time" or Man facing the desire and duty of speed / Luc BONNEVILLE & Sylvie GROSJEAN -- 3. Narrativity against temporality : computerized handling of histories / Eddie SOULIER -- PART II. HOW TO LOCATE ONESELF IN THE AREA OF ICT?: 4. Are virtual maps used for orientation? / Alain MILON -- 5. From denial of the territory to geocyberspace: towards an integrated approach of the relationship between space and ICT / Henry BAKIS & Philippe VIDAL -- 6. Mapping of the public space on the Web using Issuecrawler / Richard ROGERS -- PART III. ICT: A WORLD OF NETWORKS?: 7. Metrology of Internet networks / Nicolas LARRIEU & Philippe OWEZARSKI -- 8. Networks of relations on the Internet: a research object for information technology and social sciences / Dominique CARDON & Christophe PRIEUR -- 9. Analysis of heterogeneous networks: the ReseauLu project / Alberto CAMBROSIO, Pascal COTTEREAU, Stefan POPOWYCZ, Andrei MOGOUTOV & Tania VICHNEVSKAIA -- PART IV. COMPUTERIZED PROCESSING OF SPEECHES AND -- Hyperdocuments: what are the methodological consequences?: 10. hypertext, an intellectual technology in the era of complexity / Jean CLEMENT -- 11. Short history of software resources at the service of qualitative sociology / Christophe LEJEUNE -- 12. Peuples des eaux, gens des iles (Water people, islanders): hypertext and people without writing / Pierre MARANDA -- PART V. ICT TO SUPPORT PLURALISM OF INTERPRETATIONS?: 13. Semantic Web and ontologies / Philippe LAUBLET -- 14. Interrelations between analysis types and interpretation types / Karl M. VAN METER -- 15. Pluralism and plurality of interpretations / Francois DAOUST & Jules DUCHASTEL -- PART VI. DISTANCE COOPERATION?: 16. A communicational and documentary theory of ICT / Manuel ZACKLAD -- 17. Knowledge distributed by ICT: how do communication networks modify epistemic networks? / Bernard CONEIN -- 18. Towards new links between HSS and Computer Science: the CoolDev project / Gregory BOURGUIN & Arnaud LEWANDOWSKI -- PART VII. TOWARDS RENEWED POLITICAL LIFE AND CITIZENSHIP: 19. Electronic voting and computer security / Stephan BRUNESSAUX -- 20. Politicization of sociotechnical spaces of collective cognition: the practice of public wikis / Serge PROULX & Anne GOLDENBERG -- 21. Liasing using a multi-agent system / Maxime MORGE -- PART VIII. IS " SOCIO-INFORMATICS " POSSIBLE?: 22. Elements for socio-informatics / William TURNER -- 23. Limitations of computerization of sciences of man and society/ Thierry FOUCART -- 24. Internet in the process of data collection and dissemination / Gael GUEGUEN and Said YAMI -- Conclusion / Bernard REBER and Claire BROSSAUD -- Postscript. Computer science and humanities / Roberto BUSA -- Index. | |
| 533 |
_aElectronic reproduction. _bPalo Alto, Calif. : _cebrary, _d2013. _nAvailable via World Wide Web. _nAccess may be limited to ebrary affiliated libraries. |
||
| 546 | _aTranslated from French. | ||
| 650 | 0 |
_aSocial sciences _xInformation services. |
|
| 650 | 0 |
_aSocial sciences _xData processing. |
|
| 650 | 0 | _aCommunication in the social sciences. | |
| 655 | 7 |
_aElectronic books. _2local |
|
| 700 | 1 | _aReber, Bernard. | |
| 700 | 1 | _aBrossaud, Claire. | |
| 710 | 2 | _aebrary, Inc. | |
| 856 | 4 | 0 |
_uhttp://site.ebrary.com/lib/rucke/Doc?id=10657806 _zAn electronic book accessible through the World Wide Web; click to view |
| 999 |
_c168075 _d168075 |
||